| 000 | 00550nam a2200205Ia 4500 | ||
|---|---|---|---|
| 003 | GCL | ||
| 008 | 140319s9999 xx 000 0 eng d | ||
| 040 |
_aGCL / _cGCL |
||
| 082 | 0 | 4 |
_a332.4042 _bF A |
| 100 | 1 | _aFORRER, LEONARD S | |
| 245 | 1 | 0 |
_aTHE ART OF COLLECTING COINS: A PRACTICAL GUIDE TO NUMISMATICS / _cFORRER, LEONARD S |
| 700 | 1 | _aSUTHERLAND, C.H.V | |
| 260 |
_a[S.N] : _bCITADEL PRESS ، _c1955 |
||
| 300 | _a183 P | ||
| 650 | 0 | 4 | _aECONOMICS |
| 650 | 0 | 4 | _aMONEY |
| 650 | 0 | 4 | _aCOINS, COLLECTION |
| 650 | 0 | 4 | _aCOINS |
| 942 |
_2ddc _cBK |
||
| 999 |
_c14121 _d14121 |
||